00996nam a2200217 a 4500020003700000040000800037082002600045245010600071260004400177300003300221490007600254500012900330650001500459650001900474650003300493700002300526710005100549942001000600999001700610952015100627 a0813371295 (pbk. : alk. paper) : cDLC0 a362 WOR 2008 C111 Or.00aReaching the urban poor : The Philippine Experiencebproject implementation in developing countries /0 aBoulder, Colo. :bWestview Press,c1986 axii, 264 p. :bill. ;c23 cm0 aWestview special studies in social, political, and economic development a"Published in cooperation with the United Nations Centre for Regional Development and the Lincoln Institute of Land Policy." 0aUrban poor 0aSocial service 0aCommunity development, Urban10aCheema, G. Shabbir20aUnited Nations Centre for Regional Development cAEDBB c20908d20908 0010406362_000000000000000_WOR_2008_C111_OR70992536aLBCbLBCcC111d2023-01-13o362 WOR 2008 C111 Or.pa071264r2023-01-13w2023-01-13yAEDBB